• 首页
  • 本馆介绍
  • 公告通知
  • 最新文献
  • 馆藏检索
  • 电子资源
  • 读者导购
  • 参考咨询
  • 我的图书馆
  • 登录
  • 详细信息显示
  • 放入我的书架
  • 预约/预借图书
  • 作者相关作品
  • 分类相关作品
  • 丛书相关作品
  • 出版社相关作品

书目信息

  • 表格格式
  • 工作单格式
  • 卡片格式
题名:
高分子材料化学基础
    
 
作者: 郭建民 主编
分册:  
出版信息: 北京   化学工业出版社  2004
页数: 327页
开本: 26cm
丛书名:
单 册:
中图分类: TB324
科图分类:
主题词: 高分子材料--高分子化学--高等教育--教材 , 高分子材料 , 高分子化学
电子资源:
ISBN: 7-5025-5433-5
000 00929nam0 2200265 450
001 002688623
005 20070720104947.25
010    @a7-5025-5433-5@dCNY33.00
100    @a20040726e20052004em y0chiy0110 ea
101 0  @achi
102    @aCN@b110000
105    @ay qz 000yy
106    @ar
200 1  @a高分子材料化学基础@Agao fen zi cai liao hua xue ji chu@f郭建民主编@Fguo jian min zhu bian
210    @a北京@c化学工业出版社@d2004@h2005重印
215    @a327页@d26cm
300    @a教育部高职高专规划教材 高职高专高分子材料加工专业规划教材
330    @a本教材共十一章,包括物质结构的基本知识,有机物和高聚物的基本概念,烃和碳链高聚物--饱和烃、不饱和烃、脂环烃、芳香烃和卤代烃等内容。
606 0  @a高分子材料@x高分子化学@x高等教育@j教材
606 0  @a高分子材料
606 0  @a高分子化学
690    @aTB324@v4
701  0 @a郭建民@Aguo jian min@c(材料工程)@4主编
801  0 @aCN@bNLC@c20070720
905    @dTB324@e168@f5
    
    高分子材料化学基础/郭建民主编.-北京:化学工业出版社,2004(2005重印)
    327页;26cm
    教育部高职高专规划教材 高职高专高分子材料加工专业规划教材
    
    ISBN 7-5025-5433-5:CNY33.00
    本教材共十一章,包括物质结构的基本知识,有机物和高聚物的基本概念,烃和碳链高聚物--饱和烃、不饱和烃、脂环烃、芳香烃和卤代烃等内容。
●
相关链接 在E读中查询图书 在五车中查询图书 在当当中查询图书 在豆瓣中查询图书


正题名:高分子材料化学基础     索取号:TB324/168         预约/预借

序号 登录号 条形码 馆藏地/架位号 状态 备注
1 0850465   208504652   第二样本阅览室/ [索取号:TB324/168] 在馆    
2 0850466   208504661   第三借阅区/ [索取号:TB324/168] 在馆    
3 0850467   208504670   第三借阅区/ [索取号:TB324/168] 在馆    
4 0850468   208504689   第三借阅区/ [索取号:TB324/168] 在馆    
5 0850469   208504698   第三借阅区/ [索取号:TB324/168] 在馆    
唐山师范学院图书馆 欢迎您!
大连网信软件有限公司© 版权所有